Score 0/27 Timer 12:00
0 Plays Today
Clue (starting letter) Personality % Correct
A large person, especially when compared to a much smaller opponent (G)Goliath
84.3%
A very intelligent person; a genius (E)Einstein
78.7%
A man who is very strong or has extraordinary power (H)Hercules
75%
A traitor, especially to friends who trusted him (J)Judas
72.1%
A handsome young man; a physically perfect male (A)Adonis or Apollo
71.8%
A person who seems to profit from anything they touch or in which they become involved (M)Midas
67.9%
A stingy, miserly, greedy and/or bitter person (S)Scrooge
65.7%
A man obsessed with seducing women (D, L, or C)Don Juan, Lothario, or Casanova
63%
One who is adept at escaping or getting out of tricky situations (H)Houdini
61.7%
One who helps out or comes to the aid of another person, especially when they don't even know that person (G)Good Samaritan
50.3%
A child, usually grown, who had been wayward but has mended his ways and reconciled with his family (P)Prodigal Son
47.6%
One who has suffered a great deal but remains patient and faithful (J)Job
47.3%
A person who can't contain their curiosity, which leads to bad occurrences (P)Pandora
43.2%
A person with two sides to his/her personality, at odds with each other (J)Jekyll and Hyde
36.6%
Clue (starting letter) Personality % Correct
One who has belief in the superiority of one's own gender (C)Chauvinist (from Chauvin)
25.3%
A person with an irresistible hypnotic power (S)Svengali
24.4%
A person who is always optimistic and finds the good in everything, even when things are going badly (P)Pollyanna
24.1%
Someone overly idealistic to the point of having impossible dreams (D)Don Quixote
23%
One who goes from rags to riches or who gains recognition after obscurity and neglect (C)Cinderella
21.5%
A nagging or shrewish woman (H)Harpy
19%
A faithful and willing assistant, ready to help with anything (F)Friday, as in Man or Girl Friday
18.7%
A noble and chivalrous man (G)Galahad
17.4%
Someone who tries to fashion someone into the person he desires (P)Pygmalion
16.3%
A pampered or somewhat sissified young boy (L)Little Lord Fauntleroy
10.8%
A boorish or stupid person (Y)Yahoo
9.2%
An independent minded person, especially one who does not follow the crowd (M)Maverick
8.5%
A harsh or cruel person in authority, such as a demanding boss (S)Simon Legree
6.6%
Remove Ads.
Support Sporcle.
Get the best of Sporcle when you Go Orange. This ad-free experience offers more features, more stats, and more fun while also helping to support Sporcle. Thank you for becoming a member.

You're not logged in!

Compare scores with friends on all Sporcle quizzes.
OR
Log In

Sporcle TV

Today on Sporcle TV


Watch our educational content, quiz creation guides, and fun videos on Sporcle TV.

Show Comments

Extras

Top Quizzes Today


Score Distribution

Paid Content

Your Account Isn't Verified!

In order to create a playlist on Sporcle, you need to verify the email address you used during registration. Go to your Sporcle Settings to finish the process.

Report this User

Report this user for behavior that violates our Community Guidelines.

Details: